000 00752nam a2200265 a 4500
001 12328
003 BD-RjUL
005 20211208235256.0
008 170604s1963 enka 001 0 eng d
035 _a(BD-RjUL)12377
040 _aNED
_cNED
_dUKM
_dBD-RjUL
_beng
041 _aeng
082 0 0 _a598
_bSIB 1963
_223
100 1 _aSimkiss, K.
_938293
245 1 0 _aBird flight /
_cK. Simkiss.
260 _aLondon :
_bHutchinson Educational,
_cc1963.
300 _a96 p. :
_cill. ;
_c25 cm.
490 1 _aHutchinson biological monographs
504 _aBibliography: p. 87-88.
650 0 _aBirds
_xPhysiology.
_924874
650 0 _aFlight
_938294
830 0 _aHutchinson biological monographs
_9217826
942 _2ddc
_cBK
999 _c12328
_d12328